Entry Personal Name
Number of records used in: 1
001 - CONTROL NUMBER
003 - CONTROL NUMBER IDENTIFIER
005 - DATE AND TIME OF LATEST TRANSACTION
- control field:
20200125110733.0
008 - FIXED-LENGTH DATA ELEMENTS
- fixed length control field:
800721n| azannaabn |a aaa
010 ## - LIBRARY OF CONGRESS CONTROL NUMBER
- LC control number:
n 50035529
035 ## - SYSTEM CONTROL NUMBER
- System control number:
(OCoLC)oca00070805
040 ## - CATALOGING SOURCE
- Original cataloging agency:
DLC
- Language of cataloging:
eng
- Description conventions:
rda
- Transcribing agency:
DLC
- Modifying agency:
DLC
- Modifying agency:
CCSC
046 ## - SPECIAL CODED DATES
100 1# - HEADING--PERSONAL NAME
- Personal name:
Davis, Gordon B.
- Fuller form of name:
(Gordon Bitter)
373 ## - ASSOCIATED GROUP
- Associated group:
University of Minnesota
- Source of term:
naf
375 ## - GENDER
378 ## - FULLER FORM OF PERSONAL NAME
- Fuller form of personal name:
Gordon Bitter
400 1# - SEE FROM TRACING--PERSONAL NAME
- Control subfield:
nne
- Personal name:
Davis, Gordon Bitter
400 1# - SEE FROM TRACING--PERSONAL NAME
- Personal name:
Davis, Gordon
- Fuller form of name:
(Gordon Bitter)
670 ## - SOURCE DATA FOUND
- Source citation:
His An inquiry into a theory of budgeting, 1959.
670 ## - SOURCE DATA FOUND
- Source citation:
His FORTRAN 77, c1983:
- Information found:
CIP title page (Gordon B. Davis; Univ. of Minnesota)
670 ## - SOURCE DATA FOUND
- Source citation:
IFIP WG 8.2 Working Conf. on Info. Systems Assessment (1987 : Noordwijkerhout, Netherlands). Information systems assessement, 1988:
- Information found:
CIP title page (Gordon B. Davis; Carlson School of Management, Univ. of Minn.) CIP data sheet (b. 8/9/30)
670 ## - SOURCE DATA FOUND
- Source citation:
Blackwell encyclopedic dictionary of management ... c1997:
- Information found:
CIP title page (Gordon Davis)
670 ## - SOURCE DATA FOUND
- Source citation:
OCLC, Mar. 14, 2015
- Information found:
(hdg.: Davis, Gordon Bitter, 1930; usage: Gordon B. Davis, Gordon Davis)